000 00264nam a22001217a 4500
008 181017b xxu||||| |||| 00| 0 eng d
041 _aeng
080 _29 ED
_a510
100 _a36
101 _aMAT
245 _aCollege Algebra
_cSullivan.M
942 _2udc
_cBK
999 _c49999
_d49999